| 000 | 00603nam a22001937a 4500 | ||
|---|---|---|---|
| 003 | NUST | ||
| 005 | 20210901145520.0 | ||
| 008 | 210901b ||||| |||| 00| 0 eng d | ||
| 038 | _aArshad | ||
| 082 |
_a923.6 _bRAU |
||
| 245 |
_aThe rausing legacy: _b6 decades of the rausing family in Pakistan / _cLahore University of Management Sciences |
||
| 260 |
_aLahore: _bLahore University of Management Sciences, _c2011 |
||
| 300 | _bill. 24cm | ||
| 563 | _aHBK | ||
| 650 |
_aPersons in social sciences. _982021 |
||
| 650 |
_aSocial reformers _982022 |
||
| 650 |
_aHumanitarians. _982023 |
||
| 942 |
_2ddc _cBK |
||
| 999 |
_c586347 _d586347 |
||